[Event "Novokuznetsk SFO-ch U17 Girls"]
[Site "Novokuznetsk"]
[Date "2014.11.06"]
[Round "5"]
[White "Abasheeva, Ksenia"]
[Black "Feofilova, Elizaveta"]
[Result "0-1"]
[WhiteElo "1828"]
[BlackElo "1711"]
[PlyCount "100"]
[EventDate "2014.11.02"]
[EventType "swiss"]
[EventRounds "9"]
[EventCountry "RUS"]
[SourceTitle "CBM 163 Extra"]
[Source "ChessBase"]
[SourceDate "2014.12.23"]
[SourceVersion "1"]
[SourceVersionDate "2014.12.23"]
[SourceQuality "1"]

1. e4 c5 2. Nf3 d6 3. d4 cxd4 4. Nxd4 Nf6 5. Nc3 g6 6. Be3 Bg7 7. f3 Nc6 8. Qd2 0-0 9. g4 Be6 10. Nxe6 fxe6 11. 0-0-0 Ne5 12. Be2 Qc8 13. Kb1 Nfd7 14. Rhf1 Nc4 15. Bxc4 Qxc4 16. h3 Rac8 17. Bd4 Bxd4 18. Qxd4 Qxd4 19. Rxd4 g5 20. Ne2 Ne5 21. f4 gxf4 22. Rxf4 Rxf4 23. Nxf4 Rf8 24. Nd3 Rf1+ 25. Nc1 Rh1 26. Rb4 b6 27. Ra4 a5 28. Ra3 Re1 29. Rb3 Nc4 30. Rd3 Rxe4 31. b3 Ne5 32. Rc3 Kf7 33. Kb2 Rf4 34. Nd3 Nxd3+ 35. Rxd3 e5 36. Kc3 e4 37. Re3 Rf3 38. Rxf3+ exf3 39. Kd3 e5 40. a4 Kf6 41. h4 d5 42. Ke3 e4 43. c3 Ke5 44. b4 axb4 45. cxb4 d4+ 46. Kf2 Kf4 47. a5 e3+ 48. Ke1 f2+ 49. Ke2 d3+ 50. Kf1 Kf3 0-1

[Event "EU-ch U14 Girls 24th"]
[Site "Batumi"]
[Date "2014.10.20"]
[Round "2"]
[White "Coman, Emilia Florentina"]
[Black "Feofilova, Elizaveta"]
[Result "1-0"]
[WhiteElo "1636"]
[BlackElo "1813"]
[PlyCount "64"]
[EventDate "2014.10.19"]
[EventType "swiss"]
[EventRounds "9"]
[EventCountry "GEO"]
[SourceTitle "EXT 2016"]
[Source "ChessBase"]
[SourceDate "2015.10.08"]
[SourceVersion "1"]
[SourceVersionDate "2015.10.08"]
[SourceQuality "1"]

1. d4 Nf6 2. Bg5 Ne4 3. Bf4 c5 4. f3 Qa5+ 5. c3 Nf6 6. d5 e6 7. e4 exd5 8. exd5 d6 9. Qe2+ Kd8 10. Qd1 Bd7 11. Nd2 Qa4 12. Qxa4 Bxa4 13. Ne4 Nxe4 14. fxe4 Be7 15. Kd2 Re8 16. Nf3 f6 17. Bd3 Bd7 18. a4 Bg4 19. Kc2 Nd7 20. Bb5 a6 21. Bxd7 Kxd7 22. a5 Bd8 23. Rhe1 Bh5 24. Kd3 Rc8 25. Nd2 Bg6 26. Nc4 Be7 27. g4 h6 28. h4 Rf8 29. Ra3 Rcd8 30. Ne3 Rde8 31. Nf5 Bxf5 32. gxf5 h5 1-0

[Event "EU-ch U14 Girls 23rd"]
[Site "Budva"]
[Date "2013.10.07"]
[Round "8"]
[White "Feofilova, Elizaveta"]
[Black "Ponomarchuk, Anastasia"]
[Result "1-0"]
[WhiteElo "1715"]
[BlackElo "1815"]
[PlyCount "81"]
[EventDate "2013.09.29"]
[EventType "swiss"]
[EventRounds "9"]
[EventCountry "MNE"]
[SourceTitle "EXT 2014"]
[Source "ChessBase"]
[SourceDate "2013.11.20"]
[SourceVersion "1"]
[SourceVersionDate "2013.11.20"]
[SourceQuality "1"]

1. d4 f5 2. g3 Nf6 3. Bg2 d6 4. Nf3 g6 5. b3 Bg7 6. Bb2 0-0 7. 0-0 c6 8. c4 Qc7 9. Nbd2 a5 10. Qc2 Na6 11. a3 Nh5 12. e4 e5 13. Rfe1 f4 14. dxe5 dxe5 15. c5 Qe7 16. Rac1 Bg4 17. Qc4+ Kh8 18. Qc3 fxg3 19. hxg3 Nc7 20. a4 Rad8 21. Qxa5 Rd3 22. Rc3 Rfd8 23. Rxd3 Rxd3 24. Qb4 Na6 25. Qc4 Rd8 26. Qc3 Nxc5 27. Qb4 Bxf3 28. Nxf3 Qd6 29. Ba3 Bf8 30. Qb6 Nxa4 31. Bxd6 Nxb6 32. Bxe5+ Ng7 33. Bc7 Rd3 34. Bxb6 Rxb3 35. Bc7 b5 36. Ne5 c5 37. Nf7+ Kg8 38. Nh6+ Kh8 39. Be5 b4 40. Rd1 Be7 41. Rd7 1-0

[Event "EU-ch U14 Girls 23rd"]
[Site "Budva"]
[Date "2013.10.02"]
[Round "4"]
[White "Feofilova, Elizaveta"]
[Black "Avramidou, Anastasia"]
[Result "0-1"]
[WhiteElo "1715"]
[BlackElo "1889"]
[PlyCount "128"]
[EventDate "2013.09.29"]
[EventType "swiss"]
[EventRounds "9"]
[EventCountry "MNE"]
[SourceTitle "EXT 2014"]
[Source "ChessBase"]
[SourceDate "2013.11.20"]
[SourceVersion "1"]
[SourceVersionDate "2013.11.20"]
[SourceQuality "1"]

1. d4 Nf6 2. c4 g6 3. f3 d5 4. cxd5 Nxd5 5. e4 Nb6 6. Nc3 Bg7 7. Be3 0-0 8. Qd2 e5 9. d5 c6 10. Bg5 Qd6 11. dxc6 Qxd2+ 12. Kxd2 Nxc6 13. Rd1 Be6 14. Bd3 Rac8 15. Nge2 f6 16. Be3 Rfd8 17. Bxb6 axb6 18. Ke3 Bf8 19. Kf2 Bc5+ 20. Kg3 f5 21. h3 Kf8 22. Bb1 Nd4 23. Nxd4 f4+ 24. Kh2 Bxd4 25. Nb5 Bxb2 26. Nc7 Bc4 27. Nd5 Bd4 28. Nb4 b5 29. Bd3 Bf2 30. Rhf1 Bg3+ 31. Kg1 Rd4 32. Rc1 Ra8 33. Bxc4 bxc4 34. Rc2 c3 35. Nd5 Rd2 36. Rxd2 cxd2 37. Ra1 Rxa2 38. Rd1 Rc2 39. Kf1 b5 40. Ke2 Be1 41. Nb4 Rc3 42. Nd3 Ke7 43. Nxe1 dxe1Q+ 44. Kxe1 b4 45. Rd5 Ke6 46. Kd2 Ra3 47. Ke1 b3 48. Rb5 Kd6 49. Kd2 Ra2+ 50. Kc3 Rxg2 51. Rb7 b2 52. Kc4 Kc6 53. Rb3 Rf2 54. Kb4 Rxf3 55. Rxb2 Re3 56. Rc2+ Kd6 57. Kb5 Rxe4 58. Rc6+ Kd7 59. Rc3 Re3 60. Rc5 f3 61. Rc2 Re2 62. Rc1 f2 63. Rf1 Rc2 64. Kb4 e4 0-1

[Event "EU-ch U14 Girls 23rd"]
[Site "Budva"]
[Date "2013.09.29"]
[Round "1"]
[White "Gazikova, Veronika"]
[Black "Feofilova, Elizaveta"]
[Result "1-0"]
[WhiteElo "2093"]
[BlackElo "1715"]
[PlyCount "139"]
[EventDate "2013.09.29"]
[EventType "swiss"]
[EventRounds "9"]
[EventCountry "MNE"]
[SourceTitle "EXT 2014"]
[Source "ChessBase"]
[SourceDate "2013.11.20"]
[SourceVersion "1"]
[SourceVersionDate "2013.11.20"]
[SourceQuality "1"]

1. e4 e6 2. d4 d5 3. Nd2 c5 4. exd5 Qxd5 5. Ngf3 cxd4 6. Bc4 Qd6 7. 0-0 Nc6 8. Nb3 Nf6 9. Nbxd4 Nxd4 10. Nxd4 Be7 11. c3 0-0 12. Qf3 Qc7 13. Bb3 Bd7 14. Re1 Bd6 15. h3 e5 16. Nc2 e4 17. Qe2 Qc5 18. Nd4 Qc8 19. Bg5 Be5 20. Bxf6 Bxf6 21. Qxe4 Bxd4 22. Qxd4 Qc6 23. Rad1 Bf5 24. Qd6 Qxd6 25. Rxd6 Rfe8 26. Rxe8+ Rxe8 27. Rd5 Be6 28. Re5 Rd8 29. Bxe6 fxe6 30. Re2 Rd1+ 31. Kh2 Kf7 32. Kg3 Ra1 33. Rd2 Ke7 34. a3 Re1 35. f3 Re5 36. Kf2 Rb5 37. b4 Rb6 38. c4 Rc6 39. Rc2 Ra6 40. Rc3 Rc6 41. Ke3 Rd6 42. Rd3 Rc6 43. Kd4 e5+ 44. Kd5 Rd6+ 45. Ke4 Rg6 46. Rd2 Ra6 47. Ra2 Ke6 48. c5 Ra4 49. Rd2 Rxa3 50. Rd6+ Ke7 51. Kxe5 Rb3 52. Rd4 Rb2 53. Rg4 g6 54. Kd5 Kf6 55. Kc4 h5 56. Rf4+ Ke7 57. g4 hxg4 58. hxg4 Ra2 59. Re4+ Kf7 60. Rd4 Ke7 61. Rd6 Rc2+ 62. Kb5 a6+ 63. Ka5 Rb2 64. Rd4 Rb3 65. f4 Rg3 66. g5 Rb3 67. Kb6 Rc3 68. Kxb7 a5 69. c6 axb4 70. c7 1-0

[Event "Ulan-Ude Bajkal op 9th"]
[Site "Ulan-Ude"]
[Date "2013.07.06"]
[Round "8"]
[White "Baldarov, Aur"]
[Black "Feofilova, Elizaveta"]
[Result "1-0"]
[WhiteElo "1839"]
[BlackElo "1736"]
[PlyCount "141"]
[EventDate "2013.07.01"]
[EventType "swiss"]
[EventRounds "9"]
[EventCountry "RUS"]
[SourceTitle "EXT 2014"]
[Source "ChessBase"]
[SourceDate "2013.11.20"]
[SourceVersion "1"]
[SourceVersionDate "2013.11.20"]
[SourceQuality "1"]

1. Nf3 Nf6 2. c4 g6 3. Nc3 Bg7 4. g3 d6 5. Bg2 e5 6. 0-0 0-0 7. d3 Re8 8. a3 a5 9. h3 c6 10. Kh2 d5 11. cxd5 cxd5 12. Bg5 Nc6 13. Qb3 e4 14. dxe4 dxe4 15. Rfd1 Qc7 16. Bf4 Qe7 17. Bd6 Qe6 18. Qxe6 Bxe6 19. Ng5 Bb3 20. Rd2 e3 21. fxe3 Rxe3 22. Nge4 Nxe4 23. Nxe4 Re8 24. Nc5 Bc4 25. Rc1 Bxe2 26. Nxb7 Nd4 27. Bf4 Nb3 28. Bxe3 Nxc1 29. Rc2 Rxe3 30. Rc8+ Bf8 31. Rxc1 a4 32. Bc6 Bd3 33. Rd1 Ba6 34. Rd2 Rb3 35. Na5 Rd3 36. Rxd3 Bxd3 37. Bxa4 Bg7 38. b4 Bb2 39. b5 Bxa3 40. b6 Bd6 41. Nb7 Be7 42. Na5 Bd6 43. b7 Be4 44. Bc6 Bxc6 45. Nxc6 f5 46. b8Q+ Bxb8 47. Nxb8 Kg7 48. Kg2 g5 49. Kf3 Kg6 50. Nd7 Kh5 51. Ne5 f4 52. g4+ Kh6 53. Ke4 Kg7 54. Kf5 h6 55. Ke6 h5 56. gxh5 Kh6 57. Kf5 Kxh5 58. Nf3 Kh6 59. Nxg5 Kh5 60. Nf3 Kh6 61. Kxf4 Kh5 62. Kf5 Kh6 63. Kg4 Kg6 64. h4 Kh6 65. Ne5 Kg7 66. Kg5 Kh7 67. h5 Kg7 68. h6+ Kh7 69. Nf7 Kg8 70. Kg6 Kf8 71. h7 1-0

[Event "Irkutsk Region-ch (Women)"]
[Site "Irkutsk"]
[Date "2012.12.05"]
[Round "6"]
[White "Feofilova, Elizaveta"]
[Black "Grekhneva, Natalja"]
[Result "1-0"]
[WhiteElo "1760"]
[BlackElo "1750"]
[PlyCount "71"]
[EventDate "2012.11.30"]
[EventType "swiss"]
[EventRounds "9"]
[EventCountry "RUS"]
[SourceTitle "EXT 2022"]
[Source "ChessBase"]
[SourceDate "2021.10.06"]
[SourceVersion "1"]
[SourceVersionDate "2021.10.06"]
[SourceQuality "1"]

1. d4 c5 2. d5 d6 3. e4 e5 4. Nc3 a6 5. a4 Ne7 6. Nf3 Ng6 7. h4 Be7 8. h5 Nf8 9. Nd2 Nfd7 10. Nc4 h6 11. Be2 Nf6 12. 0-0 Nbd7 13. a5 Nh7 14. Bg4 Nhf6 15. Be2 b5 16. axb6 Nxb6 17. Nxb6 Qxb6 18. Bb5+ Bd7 19. Bxd7+ Kxd7 20. Qe2 Rhb8 21. b3 Bd8 22. Bd2 Qb7 23. Ra2 Ke8 24. Rfa1 a5 25. Na4 Qb5 26. Qxb5+ Rxb5 27. f3 Nxh5 28. Nb2 Nf4 29. Nc4 Ne2+ 30. Kf2 Nd4 31. Nxd6+ Kd7 32. Nxb5 Nxb5 33. Bxa5 Bg5 34. Bb6 Rc8 35. Ra8 Nd4 36. R1a7+ 1-0

[Event "Wch U12 Girls"]
[Site "Maribor"]
[Date "2012.11.09"]
[Round "2.37"]
[White "Feofilova, Elizaveta"]
[Black "Ni Mhuireagain, Eibhia"]
[Result "1/2-1/2"]
[WhiteElo "1760"]
[BlackElo "1343"]
[PlyCount "90"]
[EventDate "2012.11.08"]
[EventType "swiss"]
[EventRounds "11"]
[EventCountry "SLO"]
[SourceTitle "EXT 2013"]
[Source "ChessBase"]
[SourceDate "2012.11.22"]
[SourceVersion "1"]
[SourceVersionDate "2012.11.22"]
[SourceQuality "1"]

1. Nf3 d5 2. g3 e6 3. Bg2 Nf6 4. 0-0 Be7 5. d4 0-0 6. c4 b6 7. Ne5 Bb7 8. b3 Nbd7 9. Bb2 c5 10. e3 Rc8 11. Nc3 cxd4 12. exd4 Ba6 13. Nb5 Bxb5 14. cxb5 Nxe5 15. dxe5 Nd7 16. Qe2 Bc5 17. Rac1 Qe7 18. Rfd1 Rfd8 19. Kh1 h6 20. f4 Ba3 21. Rc6 Nb8 22. Rcc1 Qb4 23. f5 Bxb2 24. Qxb2 Qxb5 25. fxe6 fxe6 26. Bh3 Qd7 27. Qe2 Nc6 28. Qg4 Re8 29. Qa4 Qb7 30. Qa3 Rcd8 31. Qb2 Kh8 32. Rd2 Rc8 33. Rdc2 Nb4 34. Rxc8 Rxc8 35. Bxe6 Rxc1+ 36. Qxc1 d4+ 37. Kg1 Qc6 38. Qc4 a5 39. a3 Qxc4 40. Bxc4 Nc6 41. e6 Kh7 42. Kf2 Kg6 43. Kf3 Kf5 44. g4+ Ke5 45. b4 Ne7 1/2-1/2

[Event "EU-ch U12 Girls"]
[Site "Prague"]
[Date "2012.08.25"]
[Round "9"]
[White "Feofilova, Elizaveta"]
[Black "Kazarian, Anna Maja"]
[Result "0-1"]
[WhiteElo "1748"]
[BlackElo "1847"]
[PlyCount "116"]
[EventDate "2012.08.17"]
[EventType "swiss"]
[EventRounds "9"]
[EventCountry "CZE"]
[SourceTitle "CBM 150 Extra"]
[Source "ChessBase"]
[SourceDate "2012.10.19"]
[SourceVersion "1"]
[SourceVersionDate "2012.10.19"]
[SourceQuality "1"]

1. d4 d5 2. c4 e6 3. Nc3 Be7 4. cxd5 exd5 5. Bf4 c6 6. e3 Bf5 7. g4 Bg6 8. Qa4 Nd7 9. Qb3 Qb6 10. Qxb6 Nxb6 11. h4 h5 12. g5 f6 13. Nf3 Bb4 14. a3 Bxc3+ 15. bxc3 Be4 16. Rh3 Ne7 17. Nd2 Bf5 18. Rg3 Ng6 19. Nf3 Nxf4 20. exf4 Kf7 21. Kd2 Rae8 22. Re1 Nc8 23. Ng1 Nd6 24. f3 Bg6 25. Rg2 Nf5 26. Rh2 Rxe1 27. Kxe1 Ne3 28. a4 Re8 29. Kf2 Nd1+ 30. Kg3 Re1 31. Kg2 Ne3+ 32. Kf2 Rxf1+ 33. Kxe3 Rxg1 34. Rb2 b6 35. a5 b5 36. Re2 Rc1 37. f5 Bxf5 38. Kf4 Bg6 39. Re3 Ra1 40. Kg3 Rxa5 41. f4 Bf5 42. Re1 Ra3 43. Rc1 b4 44. Kf2 bxc3 45. Ke2 c2 46. Kd2 Rb3 47. Rxc2 Bxc2 48. Kxc2 Rh3 49. Kd2 Rxh4 50. Ke3 a5 51. Kf3 a4 52. Kg3 Rg4+ 53. Kf3 a3 54. Ke3 a2 55. Kd3 a1Q 56. Ke2 Rg2+ 57. Kf3 Qf1+ 58. Ke3 Qe2# 0-1

[Event "EU-ch U12 Girls"]
[Site "Prague"]
[Date "2012.08.20"]
[Round "4"]
[White "Stebel, Agata"]
[Black "Feofilova, Elizaveta"]
[Result "0-1"]
[WhiteElo "1617"]
[BlackElo "1748"]
[PlyCount "104"]
[EventDate "2012.08.17"]
[EventType "swiss"]
[EventRounds "9"]
[EventCountry "CZE"]
[SourceTitle "CBM 150 Extra"]
[Source "ChessBase"]
[SourceDate "2012.10.19"]
[SourceVersion "1"]
[SourceVersionDate "2012.10.19"]
[SourceQuality "1"]

1. e4 e6 2. d3 d5 3. Nd2 Nf6 4. Ngf3 c5 5. g3 Nc6 6. Bg2 g6 7. 0-0 Bg7 8. Re1 0-0 9. Qe2 Qc7 10. Nf1 b6 11. e5 Nd7 12. Bf4 Ba6 13. h4 Rac8 14. N1h2 Qb8 15. Ng4 Qb7 16. Qd2 Nd4 17. Bh6 Nf5 18. Bxg7 Kxg7 19. h5 Qc7 20. Qf4 Bb7 21. Ngh2 Qd8 22. g4 Nh4 23. Nxh4 Qxh4 24. Nf3 Qe7 25. Kh2 h6 26. Nd2 Qh4+ 27. Bh3 gxh5 28. Rg1 Kh7 29. Rg3 Rg8 30. Nf3 Qe7 31. gxh5 Rxg3 32. fxg3 d4 33. Nd2 Rg8 34. Nc4 Rg5 35. g4 b5 36. Nd6 Nxe5 37. Nxb5 Bc6 38. Na3 Nf3+ 39. Kg3 e5 40. Qc1 Qc7 41. Bg2 Qd7 42. Bh3 f5 43. Nc4 fxg4 44. Bg2 Rxh5 45. Qf1 Qe7 46. Kf2 g3+ 47. Ke2 Rh2 48. Kd1 Qh4 49. Nd2 Qf4 50. Qe2 Qxd2+ 51. Qxd2 Nxd2 52. Bxc6 g2 0-1

[Event "Privolzhskogo FO-ch (Women)"]
[Site "Togliatti"]
[Date "2012.03.25"]
[Round "6"]
[White "Chizhevskaja, Jana"]
[Black "Feofilova, Elizaveta"]
[Result "1-0"]
[WhiteElo "1911"]
[BlackElo "1746"]
[PlyCount "75"]
[EventDate "2012.03.20"]
[EventType "swiss"]
[EventRounds "9"]
[EventCountry "RUS"]
[SourceTitle "EXT 2013"]
[Source "ChessBase"]
[SourceDate "2012.11.22"]
[SourceVersion "1"]
[SourceVersionDate "2012.11.22"]
[SourceQuality "1"]

1. e4 e6 2. d4 d5 3. Nd2 Nf6 4. e5 Nfd7 5. f4 c5 6. c3 Nc6 7. Ndf3 Qb6 8. g3 Be7 9. Kf2 cxd4 10. cxd4 f6 11. Kg2 0-0 12. Bd3 Kh8 13. Bb1 f5 14. Ne2 a5 15. h3 Rg8 16. g4 g6 17. Kh2 Qc7 18. Nc3 b6 19. Be3 Ba6 20. Bd3 Bxd3 21. Qxd3 Nb4 22. Qd2 Rac8 23. Rac1 Qb7 24. a3 Nc6 25. Qe2 Na7 26. a4 h6 27. Rhg1 Bb4 28. Qf2 Qb8 29. Qh4 Kh7 30. Ng5+ Kg7 31. Nxe6+ Kf7 32. gxf5 gxf5 33. Qxh6 Rc6 34. Qh7+ Ke8 35. Rxg8+ Nf8 36. Nxf8 Be7 37. Ng6+ Kd7 38. Qxe7# 1-0

[Event "Irkutsk Region-ch (Women)"]
[Site "Irkutsk"]
[Date "2011.12.11"]
[Round "2"]
[White "Korzhova, Irina"]
[Black "Feofilova, Elizaveta"]
[Result "1/2-1/2"]
[WhiteElo "1576"]
[BlackElo "1762"]
[PlyCount "69"]
[EventDate "2011.12.10"]
[EventType "swiss"]
[EventRounds "9"]
[EventCountry "RUS"]
[SourceTitle "EXT 2022"]
[Source "ChessBase"]
[SourceDate "2021.10.06"]
[SourceVersion "1"]
[SourceVersionDate "2021.10.06"]
[SourceQuality "1"]

1. e4 e6 2. d4 d5 3. Nc3 Nf6 4. e5 Nfd7 5. f4 c5 6. Nf3 Nc6 7. Be3 Be7 8. Be2 f6 9. dxc5 Bxc5 10. Bxc5 Nxc5 11. 0-0 f5 12. Qe1 Qb6 13. Qf2 a6 14. a3 Nd7 15. Qxb6 Nxb6 16. Rad1 Ke7 17. h3 Bd7 18. Nd4 Nxd4 19. Rxd4 Bc6 20. g4 g6 21. Rb4 Nd7 22. Na4 Bxa4 23. Rxa4 b5 24. Rd4 Rac8 25. Rd2 Nc5 26. Bf3 Rhd8 27. g5 Ne4 28. Bxe4 dxe4 29. Rfd1 Rxd2 30. Rxd2 Rc6 31. c3 a5 32. h4 a4 33. Kf2 Rc5 34. Kg3 Rd5 35. Re2 1/2-1/2